Analýza faktorov ovplyvňujúcich konkurencieschopnosť v mliekarenskom, mäsovom a mlynskom priemysle na Slovensku

Guardado en:
Detalles Bibliográficos
Autor principal: Ižáková, Viera
Formato: Libro
Lenguaje:eslovaco
inglés
Publicado: Bratislava Výskumný ústav ekonomiky poľnohospodárstva a potravinárstva 2002
Colección:Štúdia č. 66/2002
Materias:
Etiquetas: Agregar Etiqueta
Sin Etiquetas, Sea el primero en etiquetar este registro!

MARC

LEADER 00000nam a2200000 4500
001 c141088
005 20221124091737.1
020 |a 80-8058-259-9 
041 0 |a slo 
041 0 |a eng 
044 |a SK 
245 1 0 |a Analýza faktorov ovplyvňujúcich konkurencieschopnosť v mliekarenskom, mäsovom a mlynskom priemysle na Slovensku  |c Viera Ižáková 
264 1 |a Bratislava  |b Výskumný ústav ekonomiky poľnohospodárstva a potravinárstva  |c 2002 
300 |a 65 s. 
490 1 |a Štúdia  |v č. 66/2002 
830 0 |a Štúdia  |v č. 66/2002 
610 2 0 |a potravinárstvo 
610 2 0 |a potraviny 
610 2 0 |a mlieko 
610 2 0 |a mäso 
610 2 0 |a múka 
610 2 0 |a priemysel 
610 2 0 |a konkurencieschopnosť 
610 2 0 |a štúdie 
610 2 0 |a Slovensko 
100 1 |a Ižáková, Viera